| 000 | 00480nam a22001697a 4500 | ||
|---|---|---|---|
| 008 | 211028b |||||||| |||| 00| 0 eng d | ||
| 020 | _a130526892X | ||
| 050 |
_aQH323.5 _b.R67 2016 c.1 |
||
| 100 | _aRosner, Bernard | ||
| 245 |
_aFundamentals of Biostatistics _cBernard Rosner |
||
| 250 | _a8th ed. | ||
| 260 |
_aAustralia _bCengage Learning _c2016 |
||
| 300 | _axix, 927p. | ||
| 650 | _aBiometry statistics | ||
| 650 |
_amedical statistics _vtextbooks |
||
| 942 |
_2lcc _cBK |
||
| 999 |
_c19071 _d19070 |
||